| 000 | 00634nam a2200181Ia 4500 | ||
|---|---|---|---|
| 008 | 151202s9999||||xx |||||||||||||| ||und|| | ||
| 082 | _bPNVM-38169 | ||
| 100 | _aसुखटणकर बा.र. | ||
| 245 | _aझुंडशाहीचे बंड. | ||
| 260 | _b"महाराष्ट्र राज्य सा. स. मंडळ ,मुंबई." | ||
| 260 | _c1988 | ||
| 300 | _a155 | ||
| 600 | _aसुखटणकर बा.र. | ||
| 630 | _aझुंडशाहीचे बंड. | ||
| 700 | _aसुखटणकर बा.र. | ||
| 730 | _aझुंडशाहीचे बंड. | ||
| 942 | _cBOOK | ||
| 999 |
_c1304121 _d1304118 |
||